00410 2200169 4500001002100000008004100021035002000062245004300082100002000125250000600145260003300151300001200184084001400196082000800210650001000218990001200228INLIS000000000001019 ind  a0010-0524000254 aPadang Seribu MalaikatcIzzatul Jannah aJannah, Izzatul a1 aSolo :bEra Intermediac2009 a206 hlm a800 IZZ p a800 aFiksi a0743997